书目信息 |
| 题名: |
蔬菜植保员培训教材
|
|
| 作者: | 张元恩 编著 | |
| 分册: | ||
| 出版信息: | 北京 金盾出版社 2008 |
|
| 页数: | 168页 | |
| 开本: | 21cm | |
| 丛书名: | 新型农民现代农业技术与技能培训丛书 | |
| 单 册: | ||
| 中图分类: | S436.3 | |
| 科图分类: | ||
| 主题词: | 蔬菜--病虫害防治方法--技术教育--教材 , 蔬菜 , 病虫害防治方法 | |
| 电子资源: | ||
| ISBN: | 978-7-5082-5223-0 | |
| 000 | 01028oam2 2200289 45 | |
| 001 | 1130249344 | |
| 005 | 20110309141326.81 | |
| 010 | @a978-7-5082-5223-0@dCNY10.00 | |
| 100 | @a20110123d2008 em y0chiy50 ea | |
| 101 | 0 | @achi |
| 102 | @aCN@b110000 | |
| 105 | @aa z 000yy | |
| 106 | @ar | |
| 200 | 1 | @a蔬菜植保员培训教材@AShu Cai Zhi Bao Yuan Pei Xun Jiao Cai@e北方本@EBei Fang Ben@f张元恩编著@FZhang Yuan En Bian Zhu |
| 210 | @a北京@c金盾出版社@d2008 | |
| 215 | @a168页@c图@d21cm | |
| 225 | 2 | @a新型农民现代农业技术与技能培训丛书 |
| 300 | @a全国职业培训与技能鉴定推荐用书 | |
| 330 | @a本书共12章,包括植保员应掌握的基础知识、瓜类蔬菜病害及防治、豆类蔬菜病害及防治、蔬菜根结线虫及防治、蔬菜常见病虫及防治等内容。 | |
| 461 | 0 | @12001 @a新型农民现代农业技术与技能培训丛书 |
| 606 | 0 | @a蔬菜@x病虫害防治方法@x技术教育@j教材 |
| 606 | 0 | @a蔬菜 |
| 606 | 0 | @a病虫害防治方法 |
| 690 | @aS436.3@v4 | |
| 701 | 0 | @a张元恩@AZhang Yuan En@4编著 |
| 801 | 0 | @aCN@bTANGWEI@c20110309 |
| 905 | @b0530959-62@dS436.3@e72@f4 | |
| 蔬菜植保员培训教材:北方本/张元恩编著.-北京:金盾出版社,2008 |
| 168页:图;21cm.-(新型农民现代农业技术与技能培训丛书) |
| 全国职业培训与技能鉴定推荐用书 |
| ISBN 978-7-5082-5223-0:CNY10.00 |
| 本书共12章,包括植保员应掌握的基础知识、瓜类蔬菜病害及防治、豆类蔬菜病害及防治、蔬菜根结线虫及防治、蔬菜常见病虫及防治等内容。 |
| ● |
| 相关链接 |
|
|
|
|
正题名:蔬菜植保员培训教材
索取号:S436.3/72
 
预约/预借
| 序号 | 登录号 | 条形码 | 馆藏地/架位号 | 状态 | 备注 |
| 1 | 0530959 | 205309593 | 第二样本阅览室/ [索取号:S436.3/72] | 在馆 | |
| 2 | 0530960 | 205309600 | 第三借阅区/ [索取号:S436.3/72] | 在馆 | |
| 3 | 0530961 | 205309619 | 第三借阅区/ [索取号:S436.3/72] | 在馆 | |
| 4 | 0530962 | 205309628 | 密集书库-生命科学系/ [索取号:S436.3/72] | 在馆 |